LDR 01034naa#a2200193#i#450# 001 RU\\bibl\115131 005 20260416063121.4 011 ## _a1813-4327 100 ## _a20260330b2026####ek#y0rusy0150####ca 102 ## _aRU 200 1# _aМЕТОДИКА ОЦЕНКИ ТРУДОЕМКОСТИ РАЗРАБОТКИ НА ПЛАТФОРМЕ 1С:ПРЕДПРИЯТИЕ 8 _eЖурнальная статья 210 1# _aВолгоград _cВолгоградская академия МВД России _d2026 215 ## _a13 с. 608 ## _aЖурнальная статья _2local 675 ## _aТехническая экспертиза. 343.148.6 _aЭксперт. Данные экспертизы. 347.948 _aПрочие судебно-технические расследования. 343.983.25 _z 700 #1 _aМельников _gАлександр Владимирович 700 #1 _aМузалевский _gФедор Александрович 700 #1 _aСолодуха _gРоман Александрович 856 4# _ava-mvd.editorum.ru _u